000 01123cam a2200301 a 4500
008
020 _a3791332473
_c(hbk.)
049 _aMAIN
090 _aREF TR820.5
_bGOL
100 1 _aGoldblatt, David.
245 1 0 _aDavid Goldblatt :
_bSouth African intersections /
_cwith an interview by Mark Haworth-Booth and essays by Christoph Danelzik-Brüggemann and Michael Stevenson.
246 1 8 _aIntersections.
246 3 0 _aSouth African intersections.
260 _aMunich :
_bPrestel,
_cc2005.
300 _a123 p. :
_bcol. ill. ;
_c30 x 35 cm.
600 1 0 _aGoldblatt, David.
650 0 _aDocumentary photography
_zSouth Africa
_zJohannesburg.
650 0 _aPhotojournalism
_zSouth Africa
_zJohannesburg.
650 0 _aPost-apartheid era
_zSouth Africa
_zJohannesburg
_vPictorial works.
651 0 _aJohannesburg (South Africa)
_vPictorial works.
700 1 _aHaworth-Booth, Mark.
700 1 _aDanelzik-Brüggemann, Christoph.
907 _a.b10359370
_b03-09-15
_c25-08-15
003
005 20230123122142.0
040 _cNUST
942 _cBOOKS
_kREF TR820.5
_mGOL
999 _c128698
_d128698